American novelists in Italy ; the discoverers: Allston to James.

Bibliographic Details
Main Author: Wright, Nathalia
Format: Book
Language:English
Published: Philadelphia : University of Pennsylvania Press, [1965]
Subjects:

MARC

Tag First Indicator Second Indicator Subfields
LEADER 00000cam a2200000 4500
001 in00000025532
005 20151007062456.0
008 720323s1965 pauac b 00000 eng
010 |a  63007858  
035 |a (OCoLC)00269688 
035 |9 AAD4990AM 
040 |a DLC  |c WSU  |d OCL  |d TXA  |d UtOrBLW 
049 |a TXAM  |c [460480] 
050 0 0 |a PS377  |b .W7 1965 
082 0 |a 813.0093 
092 |a 813.09  |b W952a 
100 1 |a Wright, Nathalia. 
245 1 0 |a American novelists in Italy ;  |b the discoverers: Allston to James. 
264 1 |a Philadelphia :  |b University of Pennsylvania Press,  |c [1965] 
300 |a 288 pages :  |b illustrations, portraits ;  |c 22 cm. 
336 |a text  |b txt  |2 rdacontent 
337 |a unmediated  |b n  |2 rdamedia 
338 |a volume  |b nc  |2 rdacarrier 
504 |a Bibliographical references included in "Sources of quotations" (pages 267-274). 
650 0 |a American fiction  |y 19th century  |x History and criticism. 
650 0 |a Americans  |z Italy. 
650 0 |a Italy in literature. 
999 |a MARS 
999 f f |s d3d5080f-b238-3c18-93f8-33a4e247c61e  |i 9ba1f2e7-76d0-3b9c-9544-a6a167e39aea  |t 0 
952 f f |p normal  |a Texas A&M University  |b College Station  |c Sterling C. Evans Library  |d Evans: Library Stacks  |t 0  |e PS377 .W7 1965  |h Library of Congress classification  |i unmediated -- volume  |m A14801257160 
998 f f |a PS377 .W7 1965  |t 0  |l Evans: Library Stacks